[Event "EU-ch Amateur U2000"]
[Site "Rhodes"]
[Date "2019.04.10"]
[Round "5"]
[White "Petukhov, Igor"]
[Black "Boesch, Heinz"]
[Result "1-0"]
[WhiteElo "1819"]
[BlackElo "1929"]
[PlyCount "91"]
[EventDate "2019.04.06"]
[EventType "swiss"]
[EventRounds "9"]
[EventCountry "GRE"]
[SourceTitle "EXT 2020"]
[Source "ChessBase"]
[SourceDate "2019.10.17"]
[SourceVersion "1"]
[SourceVersionDate "2019.10.17"]
[SourceQuality "1"]

1. e4 c5 2. Nf3 Nc6 3. Bb5 g6 4. Bxc6 dxc6 5. d3 Bg7 6. h3 e5 7. Nc3 Ne7 8. Be3 b6 9. Qd2 Qd6 10. Bh6 Bxh6 11. Qxh6 Be6 12. Qg7 0-0-0 13. Qxe5 Qxe5 14. Nxe5 f6 15. Nf3 Rhe8 16. 0-0-0 Kc7 17. Rhe1 b5 18. a4 b4 19. Ne2 b3 20. c4 Rb8 21. g4 a5 22. Nc3 Nc8 23. g5 Bxh3 24. gxf6 Bg4 25. Re3 Bxf3 26. Rxf3 Rf8 27. e5 Ne7 28. Rh3 Nf5 29. Rxh7+ Kb6 30. Ne4 Rbe8 31. f4 Nd4 32. Kd2 Ne6 33. Ke3 g5 34. Nxg5 Nxg5 35. fxg5 Rxe5+ 36. Kf4 Re2 37. Kg3 Rxb2 38. Rh2 Rxh2 39. Kxh2 Kc7 40. Rb1 Kd6 41. Rxb3 Ke5 42. Rb7 Kf5 43. Rg7 Rh8+ 44. Kg3 Rd8 45. f7 Rf8 46. g6 1-0

[Event "EU-ch Amateur U2000"]
[Site "Rhodes"]
[Date "2019.04.09"]
[Round "4"]
[White "Boesch, Heinz"]
[Black "Flis, Pawel"]
[Result "0-1"]
[WhiteElo "1929"]
[BlackElo "1903"]
[PlyCount "122"]
[EventDate "2019.04.06"]
[EventType "swiss"]
[EventRounds "9"]
[EventCountry "GRE"]
[SourceTitle "EXT 2020"]
[Source "ChessBase"]
[SourceDate "2019.10.17"]
[SourceVersion "1"]
[SourceVersionDate "2019.10.17"]
[SourceQuality "1"]

1. e4 c5 2. Nf3 d6 3. g3 Nc6 4. Bg2 g6 5. 0-0 Bg7 6. d3 Nf6 7. Nbd2 0-0 8. Re1 Rb8 9. a4 a6 10. e5 dxe5 11. Nxe5 Nxe5 12. Rxe5 Bg4 13. Qe1 Nd7 14. Rxe7 Be6 15. Rxe6 fxe6 16. Qxe6+ Kh8 17. Ne4 Qe8 18. Qxe8 Rbxe8 19. Be3 b6 20. Nc3 Bd4 21. Bc6 Rxe3 22. fxe3 Bxe3+ 23. Kh1 Ne5 24. Be4 Rf2 25. Nd5 Ng4 26. Nxe3 Nxe3 27. a5 Nxc2 28. Rc1 bxa5 29. Bb7 Nb4 30. Rxc5 Nxd3 31. Rxa5 Ne1 32. Kg1 Rxb2 33. Bxa6 Nf3+ 34. Kf1 Nxh2+ 35. Kg1 Nf3+ 36. Kf1 Kg7 37. Be2 Nd2+ 38. Kf2 Ne4+ 39. Kf3 Nxg3 40. Ra7+ Kh6 41. Bc4 Nf5 42. Bg8 Ng7 43. Ra4 Rb8 44. Bd5 Nh5 45. Ra7 Nf6 46. Be6 Rb6 47. Bc4 Rb4 48. Ba2 Rb5 49. Bc4 Rc5 50. Ba2 Kg5 51. Bb1 Rc3+ 52. Ke2 Rc5 53. Ke3 Rd5 54. Bd3 Rd7 55. Ra5+ Kh4 56. Ra6 Ng4+ 57. Ke2 Re7+ 58. Kd2 g5 59. Ra1 Nf2 60. Bxh7 Rxh7 61. Ke2 Nh3 0-1

[Event "EU-ch Amateur U2000"]
[Site "Rhodes"]
[Date "2019.04.08"]
[Round "3"]
[White "Ruzic, Pia Marie"]
[Black "Boesch, Heinz"]
[Result "1-0"]
[WhiteElo "1800"]
[BlackElo "1929"]
[PlyCount "81"]
[EventDate "2019.04.06"]
[EventType "swiss"]
[EventRounds "9"]
[EventCountry "GRE"]
[SourceTitle "EXT 2020"]
[Source "ChessBase"]
[SourceDate "2019.10.17"]
[SourceVersion "1"]
[SourceVersionDate "2019.10.17"]
[SourceQuality "1"]

1. Nf3 Nc6 2. g3 e5 3. d3 Nf6 4. Bg2 Bc5 5. 0-0 h6 6. c4 d6 7. Nc3 0-0 8. a3 a5 9. Rb1 Re8 10. Nd2 Bg4 11. Na4 Ba7 12. b4 axb4 13. axb4 Qd7 14. b5 Nd4 15. Nf3 Bh3 16. b6 Bxg2 17. Kxg2 Nxf3 18. exf3 Bb8 19. bxc7 Bxc7 20. Rxb7 Qc6 21. Qb3 Reb8 22. Rxb8+ Rxb8 23. Qd1 d5 24. Nb2 dxc4 25. dxc4 e4 26. Qe2 Be5 27. fxe4 Nxe4 28. f3 Bxb2 29. Bxb2 Nf6 30. Rc1 Re8 31. Qd3 Qe6 32. Rc2 Nd7 33. Qc3 f6 34. c5 Qc6 35. Kf2 Re5 36. Qc4+ Kh8 37. Bxe5 Nxe5 38. Qe4 Qb5 39. c6 Nd3+ 40. Kg2 Qb3 41. Re2 1-0

[Event "Gibraltar Masters 11th"]
[Site "Caleta"]
[Date "2013.01.28"]
[Round "7"]
[White "Viana, Eduardo Escudeiro"]
[Black "Boesch, Heinz"]
[Result "0-1"]
[WhiteElo "1600"]
[BlackElo "1904"]
[PlyCount "86"]
[EventDate "2013.01.22"]
[EventType "swiss"]
[EventRounds "10"]
[EventCountry "GGB"]
[SourceTitle "CBM 153"]
[Source "ChessBase"]
[SourceDate "2013.03.14"]
[SourceVersion "1"]
[SourceVersionDate "2013.03.14"]
[SourceQuality "1"]

1. d4 d5 2. Nf3 e6 3. c4 c5 4. g3 Nf6 5. Bg2 Nc6 6. cxd5 exd5 7. 0-0 Be7 8. h3 0-0 9. Nc3 Bf5 10. Nh4 Be6 11. Nf3 h6 12. Be3 c4 13. Ne5 Bb4 14. Rc1 Re8 15. Qa4 Bxc3 16. bxc3 Qa5 17. Qc2 Nxe5 18. dxe5 Ne4 19. Bxe4 dxe4 20. Qxe4 Bxh3 21. Rfd1 Rxe5 22. Qxc4 Rae8 23. Rd4 Rc5 24. Qd3 Bf5 25. Qd2 Rec8 26. Bxh6 gxh6 27. Qxh6 Bg6 28. Rcd1 Rh5 29. Qf4 Qe5 30. Qg4 Re8 31. R1d2 Qf5 32. Qxf5 Rxf5 33. Rd7 Rb5 34. c4 Rb1+ 35. Kh2 Kf8 36. g4 Re4 37. R7d4 Rxd4 38. Rxd4 Rb2 39. f4 Rxe2+ 40. Kg3 Be4 41. c5 Bc6 42. f5 Rxa2 43. Kf4 Ra4 0-1

[Event "Baden-ch op U1800"]
[Site "Emmendingen"]
[Date "2012.06.09"]
[Round "5"]
[White "Schneider, Clemens"]
[Black "Boesch, Heinz"]
[Result "1/2-1/2"]
[WhiteElo "1770"]
[BlackElo "1883"]
[PlyCount "110"]
[EventDate "2012.06.07"]
[EventType "swiss"]
[EventRounds "7"]
[EventCountry "GER"]
[SourceTitle "EXT 2013"]
[Source "ChessBase"]
[SourceDate "2012.11.22"]
[SourceVersion "1"]
[SourceVersionDate "2012.11.22"]
[SourceQuality "1"]

1. e4 e6 2. d4 d5 3. Nd2 dxe4 4. Nxe4 Nf6 5. Nxf6+ Qxf6 6. Nf3 h6 7. Bd3 Bd6 8. 0-0 Nc6 9. c3 0-0 10. h3 Re8 11. Nh2 e5 12. dxe5 Nxe5 13. Bc2 Bf5 14. Be3 Rad8 15. Bxf5 Qxf5 16. Qb3 b6 17. Rad1 Qe6 18. Qxe6 Rxe6 19. b3 Rde8 20. Rd2 a5 21. Rfd1 b5 22. Nf1 Ng6 23. Rd5 Rb8 24. g3 Ne7 25. R5d2 Nf5 26. Kg2 Nxe3+ 27. Nxe3 Kh7 28. Rd5 a4 29. b4 Be5 30. Rc5 c6 31. Nf5 Bf6 32. Nd4 Bxd4 33. Rxd4 Re2 34. Rxc6 Rxa2 35. Rd7 Rf8 36. Rb7 a3 37. Rxb5 Rc2 38. Ra5 a2 39. Rca6 Rxc3 40. Rxa2 Rb3 41. Rb6 g6 42. Re2 h5 43. h4 Kg7 44. Re3 Rb2 45. Re4 Rb3 46. Rf4 Kg8 47. g4 hxg4 48. Rxg4 Kh7 49. Rb7 Kh6 50. Rb5 Re8 51. Rf4 Re7 52. Rb6 Rb2 53. Rb8 Rb3 54. Rb6 Rb2 55. Rb8 Rb3 1/2-1/2

[Event "Gibraltar Masters 10th"]
[Site "Caleta"]
[Date "2012.01.27"]
[Round "4"]
[White "Hamer, Martyn"]
[Black "Boesch, Heinz"]
[Result "1-0"]
[WhiteElo "2010"]
[BlackElo "1904"]
[PlyCount "75"]
[EventDate "2012.01.24"]
[EventType "swiss"]
[EventRounds "10"]
[EventCountry "GGB"]
[SourceTitle "CBM 147"]
[Source "ChessBase"]
[SourceDate "2012.03.16"]
[SourceVersion "1"]
[SourceVersionDate "2012.03.16"]
[SourceQuality "1"]

1. e4 c5 2. c3 d5 3. exd5 Qxd5 4. Nf3 Nc6 5. d4 Bg4 6. dxc5 Qxd1+ 7. Kxd1 e5 8. b4 Nf6 9. Kc2 Bf5+ 10. Kb2 Ng4 11. Be3 f6 12. Na3 Nxe3 13. fxe3 a5 14. Bb5 Be7 15. Nc4 0-0 16. a3 Be6 17. Nb6 Rad8 18. Rhd1 g5 19. Bc4 Bxc4 20. Nxc4 g4 21. Nfd2 f5 22. Nb3 f4 23. Rxd8 Rxd8 24. exf4 a4 25. Nbd2 exf4 26. Rf1 Ne5 27. Kc2 Nxc4 28. Nxc4 Bg5 29. Nd6 Rd7 30. Ne4 h6 31. h3 gxh3 32. gxh3 Re7 33. Kd3 Rd7+ 34. Kc4 Re7 35. Kd5 Kf8 36. h4 Rd7+ 37. Nd6 Bf6 38. Ke6 1-0

[Event "Rhein Main op-A 14th"]
[Site "Bad Homburg"]
[Date "2011.06.22"]
[Round "1"]
[White "Di Franco, Patricio"]
[Black "Boesch, Heinz"]
[Result "1/2-1/2"]
[WhiteElo "2111"]
[BlackElo "1912"]
[PlyCount "62"]
[EventDate "2011.06.22"]
[EventType "swiss"]
[EventRounds "7"]
[EventCountry "GER"]
[SourceTitle "EXT 2012"]
[Source "ChessBase"]
[SourceDate "2011.11.24"]
[SourceVersion "1"]
[SourceVersionDate "2011.11.24"]
[SourceQuality "1"]

1. d4 e6 2. c4 d5 3. Nf3 Nf6 4. g3 c5 5. cxd5 exd5 6. Bg2 Nc6 7. 0-0 Be7 8. Nc3 0-0 9. Bg5 Be6 10. dxc5 Qa5 11. Rc1 h6 12. Be3 Bxc5 13. Bxc5 Qxc5 14. Na4 Qe7 15. Nc5 Ne4 16. Nxe6 Qxe6 17. Nd4 Nxd4 18. Qxd4 Nf6 19. e3 b6 20. Rfd1 Rac8 21. b3 Qf5 22. Rxc8 Rxc8 23. Qd3 Qxd3 24. Rxd3 Rc2 25. a4 Rb2 26. h3 Kf8 27. Rc3 g6 28. Bf3 Kg7 29. Kg2 h5 30. h4 Ne4 31. Bxe4 dxe4 1/2-1/2

[Event "Gibraltar Masters 9th"]
[Site "Caleta"]
[Date "2011.01.31"]
[Round "7"]
[White "Boesch, Heinz"]
[Black "Lochte, Thomas"]
[Result "0-1"]
[WhiteElo "1899"]
[BlackElo "2173"]
[PlyCount "102"]
[EventDate "2011.01.25"]
[EventType "swiss"]
[EventRounds "10"]
[EventCountry "GGB"]
[SourceTitle "CBM 141"]
[Source "ChessBase"]
[SourceDate "2011.03.17"]
[SourceVersion "1"]
[SourceVersionDate "2011.03.17"]
[SourceQuality "1"]

1. e4 e5 2. Nf3 Nc6 3. d4 exd4 4. Nxd4 Nf6 5. Nxc6 bxc6 6. Bd3 d5 7. exd5 cxd5 8. Bg5 Be7 9. 0-0 Qd6 10. Qf3 Bg4 11. Qf4 Qxf4 12. Bxf4 c6 13. Re1 Kd7 14. h3 Be6 15. Nd2 Bd6 16. Bxd6 Kxd6 17. c4 Rab8 18. cxd5 cxd5 19. Nb3 Rb4 20. Rac1 Rhb8 21. Red1 Nd7 22. Be2 Ra4 23. Ra1 Rbb4 24. Rdc1 d4 25. Bd1 Ra6 26. Be2 Raa4 27. Bd1 Rb7 28. Bf3 Bd5 29. Bd1 f5 30. f3 Bxb3 31. Bxb3 Rab4 32. Rd1 Nc5 33. Bg8 d3 34. Bxh7 Rxb2 35. Bxf5 d2 36. Kf2 Re7 37. g4 Na4 38. Be4 Nc3 39. Ke3 Nxd1+ 40. Rxd1 Rxa2 41. Rxd2+ Rxd2 42. Kxd2 g5 43. Kd3 Ke5 44. Kc4 Re6 45. Kb5 Rb6+ 46. Kc5 Kf4 47. Bd5 Rb2 48. Kd6 a5 49. Ke6 Rb6+ 50. Kd7 a4 51. Kc7 Rb2 0-1

[Event "Rhein Main op 13th"]
[Site "Bad Homburg"]
[Date "2010.06.05"]
[Round "5"]
[White "Willems, Matthias"]
[Black "Boesch, Heinz"]
[Result "1-0"]
[WhiteElo "2098"]
[BlackElo "1868"]
[PlyCount "89"]
[EventDate "2010.06.02"]
[EventType "swiss"]
[EventRounds "7"]
[EventCountry "GER"]
[SourceTitle "EXT 2011"]
[Source "ChessBase"]
[SourceDate "2010.11.26"]
[SourceVersion "1"]
[SourceVersionDate "2010.11.26"]
[SourceQuality "1"]

1. c4 Nf6 2. g3 e6 3. Nf3 d5 4. b3 Be7 5. Bb2 0-0 6. Bg2 Nbd7 7. 0-0 c5 8. e3 b6 9. cxd5 exd5 10. d4 Bb7 11. Nc3 Rc8 12. dxc5 Nxc5 13. Bh3 Ba6 14. Bxc8 Bxf1 15. Kxf1 Qxc8 16. Nxd5 Qh3+ 17. Ke2 Nxd5 18. Qxd5 Rd8 19. Qc4 Qd7 20. Bd4 Rc8 21. Rc1 Rd8 22. Ne5 Qf5 23. g4 Qf6 24. Nd7 Qh4 25. Bxc5 bxc5 26. Ne5 Qf6 27. Qf4 Qe6 28. Nc4 Qd5 29. Qf5 Qb7 30. Rd1 Rxd1 31. Kxd1 g6 32. Qe5 Qf3+ 33. Ke1 Bf6 34. Qe8+ Kg7 35. Nd6 Bc3+ 36. Kf1 Qd5 37. Qd7 Qe6 38. Qxe6 fxe6 39. Ke2 Be5 40. Ne4 Bxh2 41. g5 Bc7 42. Nxc5 Kf7 43. Kd3 Bb6 44. Kc4 Ke7 45. Ne4 1-0

[Event "Rhein Main op 13th"]
[Site "Bad Homburg"]
[Date "2010.06.02"]
[Round "1"]
[White "Fiderer, Lukas"]
[Black "Boesch, Heinz"]
[Result "1-0"]
[WhiteElo "2192"]
[BlackElo "1868"]
[PlyCount "53"]
[EventDate "2010.06.02"]
[EventType "swiss"]
[EventRounds "7"]
[EventCountry "GER"]
[SourceTitle "EXT 2011"]
[Source "ChessBase"]
[SourceDate "2010.11.26"]
[SourceVersion "1"]
[SourceVersionDate "2010.11.26"]
[SourceQuality "1"]

1. e4 d5 2. exd5 Nf6 3. d4 e6 4. dxe6 Bxe6 5. Nf3 Nc6 6. Be2 Bb4+ 7. c3 Bd6 8. 0-0 h6 9. Nbd2 0-0 10. Nc4 Be7 11. Ne3 Nd5 12. c4 Nxe3 13. Bxe3 Bf5 14. Rc1 Bf6 15. d5 Ne5 16. Nxe5 Bxe5 17. Bd4 Qf6 18. Bxe5 Qxe5 19. Qd2 Rae8 20. Rfe1 Qf6 21. Bf3 Bc8 22. b4 b6 23. a4 Bb7 24. h3 Rd8 25. Qc3 Qxc3 26. Rxc3 Ba6 27. Re7 1-0

[Event "Gibraltar Masters 8th"]
[Site "Caleta"]
[Date "2010.01.28"]
[Round "3"]
[White "Boesch, Heinz"]
[Black "Byron, Alan M"]
[Result "0-1"]
[WhiteElo "1948"]
[BlackElo "2196"]
[PlyCount "103"]
[EventDate "2010.01.26"]
[EventType "swiss"]
[EventRounds "10"]
[EventCountry "GGB"]
[SourceTitle "CBM 134 Extra"]
[Source "ChessBase"]
[SourceDate "2010.03.03"]
[SourceVersion "1"]
[SourceVersionDate "2010.03.03"]
[SourceQuality "1"]

1. e4 c5 2. d4 cxd4 3. c3 d3 4. Bxd3 Nc6 5. c4 g6 6. Nf3 Bg7 7. Nc3 d6 8. h3 Nf6 9. 0-0 0-0 10. Bg5 Bd7 11. Rc1 a6 12. Qe2 Rc8 13. Rfd1 h6 14. Be3 Qa5 15. Nd4 Nxd4 16. Bxd4 Be6 17. b3 Qg5 18. Be3 Qh4 19. Nd5 Bxd5 20. exd5 Nh5 21. Qg4 Qxg4 22. hxg4 Nf6 23. f3 Nd7 24. Be2 Kh7 25. Kf2 Rh8 26. Rh1 Kg8 27. Rh3 Nf6 28. Rch1 h5 29. gxh5 Rxh5 30. Rxh5 Nxh5 31. g4 Nf6 32. Bd3 Nd7 33. Rd1 Bc3 34. Be4 Bb4 35. f4 Bc5 36. Kf3 Bxe3 37. Kxe3 Kg7 38. Rh1 a5 39. Kd4 Nc5 40. Rh3 Rb8 41. a3 b5 42. b4 axb4 43. axb4 Nxe4 44. Kxe4 bxc4 45. Rc3 Rxb4 46. Kd4 Kf6 47. Rf3 Rb3 48. Rf2 Rg3 49. g5+ Kf5 50. Kxc4 Rg4 51. Re2 Rxf4+ 52. Kd3 0-1

[Event "Baden-chB"]
[Site "Badenweiler"]
[Date "2009.06.05"]
[Round "5"]
[White "Liebetruth, Jimmy"]
[Black "Boesch, Heinz"]
[Result "1-0"]
[WhiteElo "1788"]
[BlackElo "1852"]
[PlyCount "133"]
[EventDate "2009.06.01"]
[EventType "swiss"]
[EventRounds "9"]
[EventCountry "GER"]
[SourceTitle "EXT 2010"]
[Source "ChessBase"]
[SourceDate "2010.11.25"]
[SourceVersion "1"]
[SourceVersionDate "2010.11.25"]
[SourceQuality "1"]

1. d4 d5 2. c4 e5 3. dxe5 d4 4. Nf3 Nc6 5. Nbd2 Bg4 6. Nb3 Bxf3 7. exf3 Bb4+ 8. Bd2 Qe7 9. f4 f6 10. Bxb4 Qxb4+ 11. Qd2 Qxd2+ 12. Kxd2 0-0-0 13. exf6 Nxf6 14. Bd3 g6 15. h3 Nb4 16. Rhe1 Rhe8 17. a3 Nc6 18. g4 b6 19. Rxe8 Rxe8 20. Re1 Rxe1 21. Kxe1 a5 22. g5 Nh5 23. f5 Nf4 24. Be4 Ne5 25. Nxd4 Kd7 26. fxg6 hxg6 27. Ne2 Nfd3+ 28. Kf1 Nxb2 29. f4 Nexc4 30. Bxg6 Nd6 31. h4 Nbc4 32. h5 Ke7 33. Nd4 c5 34. Nc6+ Kf8 35. a4 Kg7 36. Ke2 Nf7 37. Bc2 Ncd6 38. h6+ Nxh6 39. gxh6+ Kxh6 40. Ne5 b5 41. axb5 Nxb5 42. Kd2 Kg7 43. Nc4 Kf6 44. Nxa5 Nd4 45. Bd3 Ne6 46. Ke3 Ke7 47. Nc4 Kf6 48. Ne5 Ke7 49. Ke4 Kd6 50. Bc4 Nd4 51. f5 Ke7 52. Ng4 Kf8 53. f6 Nc6 54. Kd5 Nd4 55. Kxc5 Nf3 56. Kd5 Ng5 57. Ke5 Nf3+ 58. Kf5 Nd4+ 59. Kg6 Nf3 60. Ba2 Nh4+ 61. Kh7 Nf3 62. Kh6 Nd4 63. Ne5 Nf5+ 64. Kh7 Nd6 65. Kg6 Ke8 66. f7+ Nxf7 67. Nxf7 1-0

[Event "Baden-chB"]
[Site "Badenweiler"]
[Date "2009.06.04"]
[Round "3"]
[White "Belikan, Thomas"]
[Black "Boesch, Heinz"]
[Result "1/2-1/2"]
[WhiteElo "1786"]
[BlackElo "1852"]
[PlyCount "47"]
[EventDate "2009.06.01"]
[EventType "swiss"]
[EventRounds "9"]
[EventCountry "GER"]
[SourceTitle "EXT 2010"]
[Source "ChessBase"]
[SourceDate "2010.11.25"]
[SourceVersion "1"]
[SourceVersionDate "2010.11.25"]
[SourceQuality "1"]

1. Nf3 Nf6 2. g3 g6 3. Bg2 Bg7 4. 0-0 0-0 5. d3 d6 6. e4 Nc6 7. c3 Bg4 8. h3 Bd7 9. Qe2 Qc8 10. Kh2 e5 11. Na3 Nh5 12. Nh4 Ne7 13. Nc2 f5 14. exf5 Nxf5 15. Nxf5 Rxf5 16. d4 Kh8 17. Be3 Qf8 18. Rad1 Nf4 19. gxf4 exf4 20. Bf3 fxe3 21. fxe3 Qe7 22. Bg4 Rxf1 23. Rxf1 Re8 24. Bxd7 1/2-1/2

[Event "Baden-chB"]
[Site "Badenweiler"]
[Date "2009.06.02"]
[Round "2"]
[White "Boesch, Heinz"]
[Black "Schwabik, Bruno"]
[Result "0-1"]
[WhiteElo "1852"]
[BlackElo "2036"]
[PlyCount "48"]
[EventDate "2009.06.01"]
[EventType "swiss"]
[EventRounds "9"]
[EventCountry "GER"]
[SourceTitle "EXT 2010"]
[Source "ChessBase"]
[SourceDate "2010.11.25"]
[SourceVersion "1"]
[SourceVersionDate "2010.11.25"]
[SourceQuality "1"]

1. e4 e5 2. d4 exd4 3. c3 d3 4. Bxd3 d5 5. exd5 Qxd5 6. Qf3 Nf6 7. Qxd5 Nxd5 8. Nf3 Bc5 9. 0-0 0-0 10. h3 Nc6 11. Bc4 Nf6 12. Nbd2 Re8 13. Nb3 Bb6 14. Nfd4 Nxd4 15. Nxd4 Bxd4 16. cxd4 Be6 17. b3 c6 18. a4 Rad8 19. Be3 Nd5 20. Bxd5 Bxd5 21. b4 a6 22. Rfc1 Re4 23. Rd1 Rde8 24. f3 Rxe3 0-1

[Event "Baden-ch Seniors Young "]
[Site "Oberwinden"]
[Date "2007.04.14"]
[Round "9"]
[White "Schmidt, Horst"]
[Black "Boesch, Heinz"]
[Result "1/2-1/2"]
[WhiteElo "2173"]
[BlackElo "1823"]
[PlyCount "99"]
[EventDate "2007.04.06"]
[EventType "swiss"]
[EventRounds "9"]
[EventCountry "GER"]
[SourceTitle "CBM 117 Extra"]
[Source "ChessBase"]
[SourceDate "2007.05.09"]
[SourceVersion "1"]
[SourceVersionDate "2007.05.09"]
[SourceQuality "1"]

1. e4 d5 2. e5 Bf5 3. Nf3 e6 4. Nc3 a6 5. h3 d4 6. Ne2 c5 7. d3 h6 8. g4 Bh7 9. Bg2 Nc6 10. Bf4 g5 11. Bg3 Bg7 12. Nc1 Nge7 13. 0-0 Rc8 14. Nb3 b6 15. Nbd2 b5 16. a3 Qc7 17. Re1 0-0 18. Qe2 Qd7 19. Ne4 Bxe4 20. Qxe4 Ng6 21. Qe2 Nce7 22. h4 gxh4 23. Nxh4 Nd5 24. Qe4 Nxh4 25. Bxh4 Ne7 26. Qb7 Rc7 27. Qxa6 Ng6 28. Bg3 Ne7 29. Qd6 Qc8 30. Qb6 Nd5 31. Qa5 Qd7 32. Qd2 Rfc8 33. c4 bxc4 34. dxc4 Ne7 35. Be4 Rb8 36. Qc2 Nc6 37. Rab1 Na5 38. b3 Nc6 39. Bd3 Rcb7 40. Bf4 Qc7 41. Qe2 Rxb3 42. Rxb3 Rxb3 43. Qe4 Rxa3 44. Qh7+ Kf8 45. Bxh6 Bxh6 46. Qxh6+ Ke8 47. Qh8+ Ke7 48. Qf6+ Ke8 49. Qh8+ Ke7 50. Qf6+ 1/2-1/2

[Event "Baden-ch Seniors Young "]
[Site "Oberwinden"]
[Date "2007.04.12"]
[Round "7"]
[White "Schuster, Guenter"]
[Black "Boesch, Heinz"]
[Result "1/2-1/2"]
[WhiteElo "2075"]
[BlackElo "1823"]
[PlyCount "112"]
[EventDate "2007.04.06"]
[EventType "swiss"]
[EventRounds "9"]
[EventCountry "GER"]
[SourceTitle "CBM 117 Extra"]
[Source "ChessBase"]
[SourceDate "2007.05.09"]
[SourceVersion "1"]
[SourceVersionDate "2007.05.09"]
[SourceQuality "1"]

1. d4 d5 2. c4 dxc4 3. Nc3 Nf6 4. e4 e5 5. d5 c6 6. Bxc4 b5 7. Bb3 b4 8. Nce2 Nxe4 9. Nf3 Nc5 10. Be3 Nxb3 11. Qxb3 e4 12. Nfd4 c5 13. Nc6 Nxc6 14. dxc6 Qc7 15. Qd5 Be6 16. Qxe4 Rc8 17. a3 b3 18. Rc1 Qxc6 19. Qxc6+ Rxc6 20. 0-0 Be7 21. Nf4 0-0 22. Nxe6 fxe6 23. Bd4 c4 24. Rfd1 a6 25. Kf1 Bf6 26. Ke2 Rfc8 27. Bxf6 gxf6 28. Rc3 R8c7 29. Rd8+ Kf7 30. Kd2 Ke7 31. Rd4 Rc5 32. Rh3 Rd5 33. Kc3 Kd6 34. Rhh4 e5 35. Rxc4 Rxc4+ 36. Rxc4 Rd1 37. Kxb3 Rg1 38. Rg4 f5 39. Rg7 Kd5 40. Kc3 Ke4 41. b4 Rf1 42. f3+ Ke3 43. Rxh7 e4 44. fxe4 fxe4 45. g4 Rf3 46. g5 Kf4+ 47. Kd4 Rd3+ 48. Kc4 Kxg5 49. a4 Rd6 50. Re7 Kf4 51. b5 axb5+ 52. axb5 e3 53. h4 Kf3 54. Kc5 Rh6 55. b6 Rxh4 56. b7 Rh8 1/2-1/2

[Event "Baden-ch Seniors Young "]
[Site "Oberwinden"]
[Date "2007.04.06"]
[Round "1"]
[White "Nees, Manfred"]
[Black "Boesch, Heinz"]
[Result "0-1"]
[WhiteElo "1577"]
[BlackElo "1823"]
[PlyCount "70"]
[EventDate "2007.04.06"]
[EventType "swiss"]
[EventRounds "9"]
[EventCountry "GER"]
[SourceTitle "CBM 117 Extra"]
[Source "ChessBase"]
[SourceDate "2007.05.09"]
[SourceVersion "1"]
[SourceVersionDate "2007.05.09"]
[SourceQuality "1"]

1. Nc3 e5 2. e4 Nf6 3. f4 d5 4. fxe5 Nxe4 5. d3 Nxc3 6. bxc3 d4 7. Nf3 Nc6 8. cxd4 Bb4+ 9. Bd2 Bxd2+ 10. Qxd2 Nxd4 11. Be2 Nxf3+ 12. Bxf3 Qd4 13. c3 Qxe5+ 14. Kf2 0-0 15. Rhe1 Qf6 16. Kg1 c6 17. Rf1 Qd6 18. d4 Be6 19. Qb2 b6 20. Be4 Bd5 21. Bd3 Rae8 22. Qc2 g6 23. Rf2 f5 24. Raf1 Kg7 25. Rf4 c5 26. c4 Be4 27. d5 Bxd3 28. Qxd3 Re5 29. g4 b5 30. gxf5 bxc4 31. Qc3 Kg8 32. fxg6 Rg5+ 33. Kh1 Qxd5+ 34. R1f3 Rxf4 35. gxh7+ Kxh7 0-1

[Event "Verbandsliga Sued Baden 0607"]
[Site "Germany"]
[Date "2006.11.26"]
[Round "3.8"]
[White "Boesch, Heinz"]
[Black "Ebner, Heinz"]
[Result "0-1"]
[WhiteElo "1823"]
[BlackElo "1732"]
[PlyCount "134"]
[EventDate "2006.10.22"]
[EventType "team"]
[EventRounds "9"]
[EventCountry "GER"]
[SourceTitle "EXT 2008"]
[Source "ChessBase"]
[SourceDate "2007.11.25"]
[SourceVersion "1"]
[SourceVersionDate "2007.11.25"]
[SourceQuality "1"]
[WhiteTeam "Ebringen"]
[BlackTeam "Waldshut II"]
[WhiteTeamCountry "GER"]
[BlackTeamCountry "GER"]

1. e4 g6 2. d4 Bg7 3. f4 c6 4. Nf3 d5 5. e5 Bg4 6. Be2 h5 7. h3 Bxf3 8. Bxf3 e6 9. 0-0 Nh6 10. Be3 Nf5 11. Bf2 h4 12. c4 dxc4 13. Nc3 Bf8 14. Rc1 Nd7 15. Ne4 Be7 16. b3 cxb3 17. Qxb3 Nb6 18. Rfd1 Rb8 19. Nc3 Kf8 20. a4 Kg7 21. a5 Nd5 22. Nxd5 cxd5 23. Qa2 Qd7 24. a6 bxa6 25. Qxa6 Rb6 26. Qd3 a5 27. Bg4 a4 28. Bxf5 exf5 29. Rc5 Ra8 30. Rc2 Rb3 31. Qe2 a3 32. Rdc1 Bd8 33. Ra2 Qb5 34. Qxb5 Rxb5 35. Rcc2 Be7 36. Be1 Rab8 37. Bc3 Rc8 38. Ra1 Rb3 39. Rac1 a2 40. Rxa2 Rcxc3 41. Rxc3 Rxc3 42. Ra7 Rc4 43. Rxe7 Kf8 44. Rd7 Rxd4 45. Kf2 Rxf4+ 46. Kg1 d4 47. g3 hxg3 48. Kg2 Re4 49. Kxg3 Rxe5 50. Rxd4 Re4 51. Rd7 Kg7 52. Kf3 g5 53. Rd5 Kf6 54. Rd6+ Re6 55. Rd8 Ra6 56. Rd7 Ra3+ 57. Kg2 Ke6 58. Rd4 f6 59. Rb4 Kf7 60. Rb7+ Kg6 61. Rb6 f4 62. Rc6 Re3 63. Rb6 Kf5 64. Rb4 Re2+ 65. Kf3 Ra2 66. Rb5+ Kg6 67. Kg4 Rg2+ 0-1